1101 1727 1202 1720 1676 1675 1973 1326 1207 1797 1177 1163 1927 1621 1889 1039 1132 1774 1140 1872 1779 1330 1031 1658 1662 1355 1508 1328 1587 1134 1021 1464 1940 1487 1732 1895 1906 1263 1881 1175 1375 1381 1048 1318 1659 1110 1626 1834 1813 1646 1680 1055 1766 1521 1239 1188 1227 1499 1279 1912 1269 1619 1596 1461 1773 1954 1648 1037 1328 1059 1255 1183 1818 1758 1499 1036 1691 1664 1108 1696 1232 1334 1659 1294 1930 1555 1602 1667 1420 1518 1093 1687 1209 1070 1476 1199 1416 1588 1904 BCNSPRNW ULIB Ver.6.0+V

เปลี่ยนเป็นภาษาไทย

Change to English
 แสดงรายละเอียดบรรณานุกรม
  กลับหน้าหลัก

Brief Record : Get Marc (ISO 2709) : E-mail record : QR code < ปิดหน้าต่าง
LEADER : 00000nam 2200000uu 4500
001    13399126372
003     ULIB
008    180911s2560||||th 000 0 tha d
020    ^a9789740334118
050 04 ^aAG^bส344ท
100 0  ^aสิทธิ์ ธีรสรณ์
245 10 ^aเทคนิคการเขียนบทความวิชาการ /^cสิทธิ์ ธีรสรณ์
250    ^aพิมพ์ครั้งที่ 5
260    ^aกรุงเทพฯ :^bสำนักพิมพ์แห่งจุฬาลงกรณ์มหาวิทยาลัย,^c2560
300    ^a183 หน้า :^bภาพประกอบ ; ^c21 ซม
504    ^aมีบรรณานุกรมประกอบ
650  4 ^aการเขียนทางวิชาการ
650  4 ^aการเขียนบทความ
945    ^p160^l0^i004601
999    ^aวรรณษา ชูชัยมงคล
รายการนี้ยังไม่มีแท็ก
คุณยังไม่ได้ล็อกอิน คุณสามารถมีกิจกรรมร่วมกับเว็บไซต์ได้ แต่ต้องล็อกอินก่อน ::
  ล็อกอิน

รายการสื่อสารสนเทศ

ลำดับที่ ประเภท เลขเรียก/บาร์โค้ด สถานที่ สถานะ
1. การศึกษาทั่วไป
หนังสือสำรอง
สถานะ=หนังสือสำรอง
AG ส344ท ฉ.1 
  Barcode: 004601
ห้องสมุดวิทยาเขตสวรรค์ประชารักษ์
►หนังสือทั่วไป
บนชั้น

รายการใกล้เคียง
    ผู้แต่ง [สิทธิ์ ธีรสรณ์]

    หัวเรื่อง [การเขียนทางวิชาการ]
    หัวเรื่อง [การเขียนบทความ]

BibComment


ยังไม่เคยถูกคอมเมนท์

คอมเมนท์ทรัพยากรรายการนี้
  คอมเมนท์: เทคนิคการเขียนบท..


 Copyright 2026. Bcnsprnw @Library